Statistics for Ultimate 2018 FIFA World Cup Generak Knowledge Quiz

Click here to take the quiz!

General Stats

  • This quiz has been taken 171 times
  • The average score is 11 of 26

Answer Stats

AnswerHint% Correct
Italy20th
85%
Panama | 29.6 years
78%
Netherlands19th
74%
Iceland | 348,000
72%
Chile9th
66%
Saudi Arabia67th
66%
Russia66th
64%
Brazil209,142,000
47%
Peruafter 36 years
45%
Luzhniki Stadium81,000
44%
15th July
44%
14th June
42%
64
40%
Nigeria25.9 years
31%
South Korea61st
27%
Spain
24%
Essam Al Hadary45 years 5 months
17%
Yekaterinburg
11%
Live it Up
11%
Kaliningrad Stadium35,212
11%
Portugal
9%
Zabivaka
9%
Daniel Arzani19 years and 5 months
4%
Adidas Telstar 18
1%

Score Distribution

Percentile by Number Answered

Percent of People with Each Score

Your Score History

You have not taken this quiz